[Event "1. Wittelsbacher Weihnachts-Schach-Open"]
[Site "Kelheim"]
[Date "2012.12.27"]
[Round "3.17"]
[White "Gleis, Wolfgang"]
[Black "Bumes, Konrad"]
[Result "0-1"]
[WhiteElo "1663"]
[BlackElo "1872"]
[PlyCount "70"]
[EventDate "2012.??.??"]
[WhiteTeam "SF Tegernheim"]
[BlackTeam "SC Haar 1931"]

1. d4 d5 2. Nf3 Nf6 3. Bg5 Nbd7 4. Nbd2 e6 5. e3 Be7 6. Bd3 b6 7. O-O O-O 8.
Rc1 Bb7 9. c3 Ne4 10. Bxe7 Qxe7 11. Ne1 e5 12. Nb3 Nd6 13. f4 exd4 14. exd4 Nc4
15. Rf3 Nf6 16. Rf2 Rfe8 17. Nf3 Qe3 18. Qe2 Qxe2 19. Bxe2 Ng4 20. Rc2 Nxf2 21.
Kxf2 f6 22. Nc1 Re7 23. b3 Nd6 24. Nd2 Rae8 25. Bd3 Bc8 26. h3 Bf5 27. Bxf5
Nxf5 28. Nf3 Kf7 29. g4 Nd6 30. c4 dxc4 31. bxc4 c5 32. d5 Re4 33. Nd2 Rxf4+
34. Kg3 g5 35. Nd3 Re3+ 0-1

[Event "1. Wittelsbacher Weihnachts-Schach-Open"]
[Site "Kelheim"]
[Date "2012.12.27"]
[Round "3.18"]
[White "Brack, Johannes"]
[Black "Schmitz, Björn"]
[Result "0-1"]
[WhiteElo "1865"]
[BlackElo "1629"]
[PlyCount "184"]
[EventDate "2012.??.??"]
[WhiteTeam "Regensb. Turnerschaft"]
[BlackTeam "SV Saal/Donau e.V.SAbt"]

1. d4 Nf6 2. Nf3 g6 3. Bf4 Bg7 4. e3 d6 5. Bd3 O-O 6. O-O Nbd7 7. Nbd2 c5 8. c3
a6 9. a4 b6 10. Re1 Qc7 11. Rc1 e5 12. Bg5 Bb7 13. e4 h6 14. Bh4 Nh5 15. b4 Nf4
16. Bb1 g5 17. Bg3 Rfe8 18. Nf1 Rac8 19. d5 cxb4 20. c4 a5 21. Ne3 Nc5 22. Bc2
Qd7 23. Rf1 Rc7 24. Nd2 f6 25. Nf5 Bf8 26. Bxf4 exf4 27. Qh5 Kh7 28. Rfe1 Qf7
29. Qxf7+ Rxf7 30. Nxd6 Bxd6 31. e5+ Kg7 32. exd6 Rd8 33. Re6 Bc8 34. d7 Bxd7
35. Rxb6 Bxa4 36. Bxa4 Nxa4 37. Ra6 Nc3 38. Kf1 Rc7 39. d6 Rc5 40. Re1 Rd7 41.
Rb6 Kf7 42. f3 a4 43. Kf2 a3 44. Rxb4 Rxd6 45. Nb3 Re5 46. c5 Rxe1 47. Kxe1
Rd1+ 48. Kf2 Rb1 49. Rb7+ Kg6 50. c6 Nd5 51. Nd2 Rd1 52. Nb3 Rd3 53. Rb5 a2 54.
Na1 Ne7 55. Rc5 Rd1 56. Nb3 a1=Q 57. Nxa1 Rxa1 58. c7 Ra8 59. Rb5 Rc8 60. Rb7
Kf7 61. Ke2 Nd5 62. Kd3 Rxc7 63. Rb8 Ne3 64. g3 Nf1 65. gxf4 Nxh2 66. fxg5 fxg5
67. Ke4 Kg6 68. Rb1 Re7+ 69. Kd5 Nxf3 70. Kd6 Rf7 71. Kd5 Rf6 72. Ra1 g4 73.
Ke4 Ng5+ 74. Ke3 h5 75. Rh1 g3 76. Ke2 Rf2+ 77. Ke3 Nf7 78. Rh3 Rg2 79. Kf3 Rg1
80. Rh4 Kg5 81. Ra4 Nh6 82. Ra8 h4 83. Ra5+ Nf5 84. Ra8 Rf1+ 85. Ke2 Rf2+ 86.
Ke1 Kg4 87. Rg8+ Kh3 88. Rg5 Ne3 89. Rg8 Ng4 90. Rg5 Ra2 91. Rc5 g2 92. Rc3+
Kh2 0-1

[Event "1. Wittelsbacher Weihnachts-Schach-Open"]
[Site "Kelheim"]
[Date "2012.12.27"]
[Round "3.19"]
[White "Arnold, Sebastian"]
[Black "Dietl, Harald"]
[Result "1/2-1/2"]
[WhiteElo "1857"]
[BlackElo "1805"]
[PlyCount "61"]
[EventDate "2012.??.??"]
[WhiteTeam "SK Kelheim 1920"]
[BlackTeam "SK Abensberg"]

1. d4 d5 2. Nf3 Nf6 3. c4 c6 4. Nc3 dxc4 5. e3 Bf5 6. Bxc4 e6 7. O-O Be7 8. a3
O-O 9. Re1 Nbd7 10. e4 Bg4 11. e5 Nd5 12. Nxd5 cxd5 13. Bd3 Rc8 14. Be3 Bxf3
15. Qxf3 Nb6 16. Qh3 g6 17. Rad1 Nc4 18. Bh6 Re8 19. Bxc4 Rxc4 20. Qb3 Qb6 21.
Qxb6 axb6 22. Be3 Rec8 23. Rc1 b5 24. Kf1 R8c6 25. Rxc4 Rxc4 26. Rc1 f6 27.
Rxc4 bxc4 28. f4 f5 29. Ke2 Kf7 30. Kd2 Ke8 31. Kc3 1/2-1/2

[Event "1. Wittelsbacher Weihnachts-Schach-Open"]
[Site "Kelheim"]
[Date "2012.12.27"]
[Round "3.21"]
[White "Simon, Günther"]
[Black "Zankl, Stephan"]
[Result "1-0"]
[WhiteElo "1847"]
[BlackElo "1596"]
[PlyCount "67"]
[EventDate "2012.??.??"]
[WhiteTeam "Regensb. Turnerschaft"]
[BlackTeam "TSV Nittenau"]

1. e4 e6 2. d4 d5 3. Nc3 c5 4. exd5 exd5 5. dxc5 Nf6 6. Bb5+ Nc6 7. Be3 Be6 8.
Nge2 Be7 9. Nd4 Bd7 10. O-O O-O 11. Re1 Rc8 12. Bxc6 bxc6 13. b4 Ng4 14. Bf4 g5
15. Bg3 Bf6 16. h3 Nh6 17. Bd6 Re8 18. Qd2 Bxd4 19. Qxd4 Nf5 20. Qd2 Nxd6 21.
cxd6 Qf6 22. Na4 h6 23. Nc5 Qxd6 24. Qd4 Ra8 25. Ne4 Rxe4 26. Rxe4 a5 27. c3
axb4 28. cxb4 Ra3 29. Rae1 Be6 30. R4e2 Ra4 31. Qf6 Kh7 32. Rxe6 fxe6 33. Rxe6
Qf4 34. Qg6+ 1-0

[Event "1. Wittelsbacher Weihnachts-Schach-Open"]
[Site "Kelheim"]
[Date "2012.12.27"]
[Round "3.22"]
[White "Kellner, Christian"]
[Black "Grasser, Martin"]
[Result "1/2-1/2"]
[WhiteElo "1642"]
[BlackElo "1916"]
[PlyCount "108"]
[EventDate "2012.??.??"]
[WhiteTeam "SK Kelheim 1920"]
[BlackTeam "Regensb. Turnerschaft"]

1. c4 c5 2. Nc3 g6 3. Nf3 Bg7 4. g3 Nc6 5. Bg2 Nf6 6. O-O O-O 7. d3 d6 8. Bf4
Bg4 9. Qd2 Qd7 10. Bh6 Bh3 11. Bxg7 Kxg7 12. Ng5 Bxg2 13. Kxg2 Nd4 14. e3 Qc6+
15. f3 Ne6 16. h4 Nc7 17. e4 h6 18. Nh3 e6 19. g4 Nd7 20. h5 d5 21. hxg6 fxg6
22. Rh1 Rh8 23. Rag1 dxc4 24. dxc4 Rad8 25. Nf4 Ne5 26. Qe2 Rhf8 27. Qe3 Nxc4
28. Nxe6+ Nxe6 29. Qxh6+ Kf7 30. Nd5 Qd6 31. Qc1 Nb6 32. Rh7+ Ng7 33. Qh6 Rg8
34. Nf4 Nc4 35. Nd5 Qe5 36. Rd1 Qxb2+ 37. Kh3 Qe5 38. Re1 Rxd5 39. exd5 Qxe1
40. Qf4+ Ke7 41. Qc7+ Kf8 42. Qxc5+ Qe7 43. Qxc4 Qe3 44. Qc8+ Kf7 45. Qxb7+ Kf6
46. d6 Ne6 47. Rf7+ Ke5 48. Qb5+ Kd4 49. Qb4+ Kd5 50. Qb7+ Kc4 51. Qa6+ Kd5 52.
Qb7+ Ke5 53. Qb5+ Kd4 54. Qb4+ Kd5 1/2-1/2

[Event "1. Wittelsbacher Weihnachts-Schach-Open"]
[Site "Kelheim"]
[Date "2012.12.27"]
[Round "3.23"]
[White "Klarl, Wolfgang"]
[Black "Häusler, Florian"]
[Result "0-1"]
[WhiteElo "1817"]
[BlackElo "1514"]
[PlyCount "58"]
[EventDate "2012.??.??"]
[WhiteTeam "DJK-Regensburg Nord e.V."]
[BlackTeam "TSV Kareth-Lappersdorf"]

1. f4 c5 2. b3 d5 3. Bb2 Nf6 4. e3 Nc6 5. Bb5 Qb6 6. Bxc6+ Qxc6 7. Nf3 Bg4 8.
h3 Bxf3 9. Qxf3 e6 10. d3 Bd6 11. Nd2 Qc7 12. O-O O-O-O 13. Rad1 h5 14. e4 Be7
15. e5 Ng8 16. d4 Nh6 17. g4 hxg4 18. hxg4 f6 19. Qg3 f5 20. g5 Ng4 21. Rfe1
Rh5 22. Nf3 Rdh8 23. Kf1 Rh3 24. Qg2 Rxf3+ 25. Qxf3 Nh2+ 26. Kg2 Nxf3 27. Kxf3
Rh4 28. Rh1 Rxh1 29. Rxh1 cxd4 0-1

[Event "1. Wittelsbacher Weihnachts-Schach-Open"]
[Site "Kelheim"]
[Date "2012.12.27"]
[Round "3.24"]
[White "Tautz, Helmut"]
[Black "Schawacht, Max"]
[Result "0-1"]
[WhiteElo "1499"]
[BlackElo "1816"]
[PlyCount "86"]
[EventDate "2012.??.??"]
[WhiteTeam "SK Kelheim 1920"]
[BlackTeam "SV Erkenschwick 1923 e"]

1. Nf3 Nf6 2. g3 g6 3. Bg2 Bg7 4. d4 d5 5. Bf4 c5 6. O-O Nc6 7. c3 O-O 8. dxc5
Ne4 9. Be3 e5 10. Nbd2 Nf6 11. b4 Ng4 12. Qa4 Nxe3 13. fxe3 e4 14. Nd4 Ne5 15.
b5 Qg5 16. Rf4 Ng4 17. Nf1 Be5 18. b6 a6 19. h3 Nxe3 20. Nxe3 Qxg3 21. Rf2 Qxe3
22. Nc2 Qxc5 23. e3 Bxc3 24. Raf1 Be6 25. Qb3 d4 26. exd4 Bxd4 27. Qb1 Bxf2+
28. Rxf2 Rad8 29. Bxe4 Rd2 30. Qe1 Rfd8 31. Kg2 Bxh3+ 32. Kg3 Rxf2 33. Qxf2
Qe5+ 34. Qf4 Qxf4+ 35. Kxf4 Bc8 36. Nb4 Rd4 37. Nd5 Kf8 38. Ke5 Rd2 39. Kd6 Be6
40. Kc7 Bxd5 41. Bxd5 Rxd5 42. Kxb7 Ra5 43. Ka7 Rxa2 0-1

[Event "1. Wittelsbacher Weihnachts-Schach-Open"]
[Site "Kelheim"]
[Date "2012.12.27"]
[Round "3.25"]
[White "Gebhardt, Lukas"]
[Black "Strasser, Josef"]
[Result "0-1"]
[WhiteElo "1443"]
[BlackElo "1915"]
[PlyCount "38"]
[EventDate "2012.??.??"]
[WhiteTeam "SK Kelheim 1920"]
[BlackTeam "Schach-Union München e.V."]

1. d4 Nf6 2. c4 e6 3. Nc3 d5 4. e3 a6 5. Nf3 dxc4 6. Bxc4 b5 7. Bd3 Bb7 8. O-O
Be7 9. Ng5 h6 10. Nge4 Nbd7 11. Qc2 Rc8 12. a3 c5 13. dxc5 Nxc5 14. Nxc5 Bxc5
15. Rd1 Qc7 16. Bd2 O-O 17. Rac1 Bd6 18. f4 Qb6 19. Kf1 Ng4 0-1

[Event "1. Wittelsbacher Weihnachts-Schach-Open"]
[Site "Kelheim"]
[Date "2012.12.27"]
[Round "3.26"]
[White "Schmidt, Franz"]
[Black "Fischer, Wolfgang"]
[Result "1/2-1/2"]
[WhiteElo "1883"]
[BlackElo "1474"]
[PlyCount "70"]
[EventDate "2012.??.??"]
[WhiteTeam "SK Abensberg"]
[BlackTeam "SF Tegernheim"]

1. e4 e5 2. Nf3 Nc6 3. d4 exd4 4. Bc4 Bc5 5. c3 Qe7 6. O-O Ne5 7. Nxd4 Nxc4 8.
Nf5 Qe5 9. g3 Ne7 10. Bf4 Qf6 11. b4 Bb6 12. a4 a6 13. a5 Ba7 14. Qe2 Nd6 15.
e5 Qxf5 16. exd6 cxd6 17. Bxd6 Qe6 18. Qd2 O-O 19. Re1 Qg6 20. Rxe7 b5 21. axb6
Bxb6 22. Bc5 Bxc5 23. bxc5 Bb7 24. Na3 Qc6 25. f3 Qxf3 26. Rf1 Qh1+ 27. Kf2
Qxh2+ 28. Ke1 Qxd2+ 29. Kxd2 Rad8 30. Nc4 Bd5 31. Nd6 Be6 32. Ra1 Ra8 33. Ra5
h5 34. Ke3 g6 35. Kf4 Kg7 1/2-1/2

[Event "1. Wittelsbacher Weihnachts-Schach-Open"]
[Site "Kelheim"]
[Date "2012.12.27"]
[Round "3.27"]
[White "Reinfelder, Fabian"]
[Black "Albrecht, Andreas"]
[Result "1/2-1/2"]
[WhiteElo "1433"]
[BlackElo "1756"]
[PlyCount "100"]
[EventDate "2012.??.??"]
[WhiteTeam "SG Siemens Amberg"]
[BlackTeam "Regensb. Turnerschaft"]

1. f4 d5 2. Nf3 b6 3. g3 Bb7 4. Bg2 Nf6 5. d3 e6 6. O-O Be7 7. Qe1 O-O 8. c3
Nbd7 9. Bd2 c5 10. Na3 a6 11. Nc2 Qc7 12. Rc1 Rac8 13. Kh1 Qb8 14. Ng5 h6 15.
Nh3 Bd6 16. e3 e5 17. d4 e4 18. b3 b5 19. b4 cxb4 20. cxb4 Nb6 21. Na1 Rxc1 22.
Qxc1 Rc8 23. Qb1 Nc4 24. Nb3 Nxd2 25. Nxd2 Qc7 26. a3 Qc3 27. Nb3 Qxe3 28. Re1
Qd3 29. Qxd3 exd3 30. Nc5 Bxc5 31. dxc5 Ne4 32. Rd1 d2 33. Kg1 Re8 34. Kf1 f5
35. Nf2 Kf7 36. Nxe4 fxe4 37. Rxd2 Kf6 38. Ke2 g5 39. fxg5+ hxg5 40. Bh3 Rh8
41. Bd7 Rxh2+ 42. Ke3 Rxd2 43. Kxd2 Ke7 44. c6 Ba8 45. Ke3 Kd6 46. Bc8 Kxc6 47.
Bf5 Bb7 48. Kd4 Kd6 49. Bg4 Kc7 50. Be2 Kb6 1/2-1/2

[Event "1. Wittelsbacher Weihnachts-Schach-Open"]
[Site "Kelheim"]
[Date "2012.12.27"]
[Round "3.28"]
[White "Vilsmeier, Christian"]
[Black "Schindler, Tobias"]
[Result "1-0"]
[WhiteElo "1755"]
[BlackElo "1465"]
[PlyCount "71"]
[EventDate "2012.??.??"]
[WhiteTeam "DJK-Regensburg Nord e.V."]
[BlackTeam "SK Kelheim 1920"]

1. e4 c6 2. d4 d5 3. e5 Bf5 4. Nf3 e6 5. Be2 c5 6. c3 Nc6 7. O-O Nge7 8. Nbd2
Ng6 9. Nb3 c4 10. Nbd2 Be7 11. Re1 b5 12. Nf1 b4 13. Ng3 Bg4 14. h3 Bxf3 15.
Bxf3 O-O 16. Bg4 bxc3 17. bxc3 Qa5 18. Qc2 Nxd4 19. Qd2 Nc6 20. f4 Qb6+ 21. Kh2
Bh4 22. Ba3 Rfb8 23. Bd6 Rb7 24. f5 exf5 25. Rab1 Qa6 26. Rxb7 Qxb7 27. Bxf5
Nce7 28. Bg4 f5 29. exf6 Bxf6 30. Nh5 Rd8 31. Nxf6+ gxf6 32. Bg3 Ne5 33. Rxe5
fxe5 34. Be6+ Kf8 35. Qf2+ Kg7 36. Bxe5+ 1-0

[Event "1. Wittelsbacher Weihnachts-Schach-Open"]
[Site "Kelheim"]
[Date "2012.12.27"]
[Round "3.29"]
[White "Eremenko, Dimitry"]
[Black "Zwetz, Jasmin"]
[Result "0-1"]
[WhiteElo "1382"]
[BlackElo "1730"]
[PlyCount "58"]
[EventDate "2012.??.??"]
[WhiteTeam "MTV Ingolstadt"]
[BlackTeam "TSV Kareth-Lappersdorf"]

1. e4 e6 2. d4 d5 3. Bd3 b6 4. e5 c5 5. c3 Bd7 6. f4 Nc6 7. Nf3 Nh6 8. h3 Be7
9. Ng5 Bxg5 10. fxg5 Nf5 11. Bxf5 exf5 12. O-O Ne7 13. Na3 O-O 14. Nc2 Rc8 15.
Ne3 Be6 16. h4 cxd4 17. cxd4 b5 18. h5 f6 19. gxf6 gxf6 20. g4 fxe5 21. gxf5
Nxf5 22. Nxf5 Bxf5 23. Rxf5 Qh4 24. Rg5+ Kh8 25. Rg2 Rg8 26. Qf3 Qe1+ 27. Kh2
Qh4+ 28. Qh3 Rxg2+ 29. Kxg2 Rc2+ 0-1

[Event "1. Wittelsbacher Weihnachts-Schach-Open"]
[Site "Kelheim"]
[Date "2012.12.27"]
[Round "3.30"]
[White "Meul, Willi"]
[Black "Rösch, Maximilian"]
[Result "1-0"]
[WhiteElo "1856"]
[BlackElo "1086"]
[PlyCount "97"]
[EventDate "2012.??.??"]
[WhiteTeam "SV 1925 Hürth-Berrenra"]
[BlackTeam "SK Kelheim 1920"]

1. d4 d5 2. Nf3 Nf6 3. e3 Bg4 4. c4 e6 5. Qb3 b6 6. Ne5 c5 7. Qa4+ Nbd7 8. cxd5
exd5 9. Bb5 Qc7 10. Nc3 Be6 11. Bc6 Rb8 12. Nb5 Qd8 13. Qxa7 Be7 14. Nc7+ Kf8
15. Nxe6+ fxe6 16. Nxd7+ Nxd7 17. Qxd7 Qxd7 18. Bxd7 Kf7 19. Bb5 Rhc8 20. O-O
cxd4 21. exd4 Bf6 22. Be3 Rc2 23. Rab1 Rbc8 24. Bd3 R2c6 25. Rfd1 e5 26. dxe5
Bxe5 27. f4 Bf6 28. b3 d4 29. Bd2 Be7 30. Rbc1 Ba3 31. Rxc6 Rxc6 32. Bc4+ Kf6
33. g4 Ke7 34. Re1+ Kf6 35. g5+ Kg6 36. Re6+ Rxe6 37. Bxe6 b5 38. f5+ Kh5 39.
Kg2 b4 40. Kg3 Bb2 41. Bf7+ g6 42. f6 Bc3 43. Bf4 d3 44. Be6 Be1+ 45. Kf3 Kh4
46. f7 d2 47. Bxd2 Bxd2 48. f8=Q Bxg5 49. Qxb4+ 1-0

[Event "1. Wittelsbacher Weihnachts-Schach-Open"]
[Site "Kelheim"]
[Date "2012.12.27"]
[Round "3.31"]
[White "Fernandez-Alvarez, Raul"]
[Black "Weigert, Wilhelm"]
[Result "0-1"]
[WhiteElo "1279"]
[BlackElo "2024"]
[PlyCount "74"]
[EventDate "2012.??.??"]
[WhiteTeam "SG Schwabing München Nord e.V."]
[BlackTeam "SK Kelheim 1920"]

1. e4 c5 2. Nf3 Nc6 3. d4 cxd4 4. Nxd4 g6 5. Nc3 Bg7 6. Be3 Nf6 7. Be2 O-O 8.
O-O d5 9. exd5 Nxd5 10. Nxc6 bxc6 11. Nxd5 cxd5 12. c3 Rb8 13. Qd2 Qc7 14. Rab1
Rd8 15. Rfd1 e5 16. f3 Bf5 17. Ra1 Qb7 18. b3 Rd7 19. Bg5 Rc8 20. Kh1 h6 21.
Be3 d4 22. cxd4 Rc2 23. Qe1 exd4 24. Bd2 d3 25. Bf1 Re7 26. Qf2 Bxa1 27. Rxa1
Re2 28. Bxe2 Rxd2 29. Qd4 Rxe2 30. h3 Bxh3 31. Rg1 Bxg2+ 32. Rxg2 Qxf3 33. Qg1
Qh3+ 34. Qh2 Re1+ 35. Rg1 Rxg1+ 36. Kxg1 Qxh2+ 37. Kxh2 d2 0-1

[Event "1. Wittelsbacher Weihnachts-Schach-Open"]
[Site "Kelheim"]
[Date "2012.12.27"]
[Round "3.32"]
[White "Klemp, Sören"]
[Black "Bartmann, Florian"]
[Result "1/2-1/2"]
[WhiteElo "1822"]
[BlackElo "1665"]
[PlyCount "73"]
[EventDate "2012.??.??"]
[WhiteTeam "Regensb. Turnerschaft"]
[BlackTeam "SK Kelheim 1920"]

1. e4 c5 2. Nc3 Nc6 3. Bb5 a6 4. Bxc6 bxc6 5. f4 d6 6. d3 e6 7. Nf3 g6 8. O-O
Bg7 9. Qe1 Rb8 10. Ne2 Ne7 11. c3 a5 12. d4 cxd4 13. Nfxd4 c5 14. Nc2 O-O 15.
Rf3 f5 16. Ng3 Re8 17. exf5 Nxf5 18. Ne4 Bb7 19. Rh3 Bxe4 20. Qxe4 d5 21. Qe2
e5 22. fxe5 Bxe5 23. Qg4 d4 24. Bg5 Qc7 25. b3 dxc3 26. Qc4+ Kh8 27. Rf1 Rb7
28. g4 Nd4 29. Ne3 Bg7 30. Rf6 Qe5 31. Rxg6 Rb4 32. Qf7 Rf8 33. Qxf8+ Bxf8 34.
Bf6+ Qxf6 35. Rxf6 Kg7 36. Rf2 a4 37. Rh5 1/2-1/2

[Event "1. Wittelsbacher Weihnachts-Schach-Open"]
[Site "Kelheim"]
[Date "2012.12.27"]
[Round "3.33"]
[White "Glück, Ulrich"]
[Black "Müller, Johannes"]
[Result "0-1"]
[WhiteElo "1748"]
[BlackElo "1534"]
[PlyCount "116"]
[EventDate "2012.??.??"]
[WhiteTeam "MSA Zugzwang 82 e.V."]
[BlackTeam "SK Kelheim 1920"]

1. d4 Nf6 2. c4 g6 3. Nc3 d5 4. cxd5 Nxd5 5. e4 Nxc3 6. bxc3 Bg7 7. Bc4 c5 8.
Ne2 O-O 9. O-O cxd4 10. cxd4 e6 11. Be3 b6 12. Rc1 Bb7 13. f3 Nc6 14. e5 Rc8
15. Qa4 Qe7 16. a3 Rfd8 17. Rfd1 Na5 18. Ba2 Bf8 19. Rxc8 Rxc8 20. Bc1 Ba6 21.
Ng3 Bc4 22. Qc2 Rc7 23. Ne4 Bb3 24. Nf6+ Kh8 25. Qe2 Bxd1 26. Qxd1 Bg7 27. Bg5
Qxa3 28. Qe2 Bxf6 29. exf6 Qf8 30. Qe4 b5 31. Bh6 Qc8 32. h4 b4 33. h5 b3 34.
hxg6 fxg6 35. Bxb3 Nxb3 36. Qe5 Rf7 37. d5 Nc5 38. d6 Na6 39. Qb2 Qc5+ 40. Kh1
Qh5+ 41. Kg1 Qc5+ 42. Kf1 Qxd6 43. Qb5 Qd1+ 44. Kf2 Qc2+ 45. Kg3 Qc7+ 46. Bf4
Qc8 47. Be5 Kg8 48. Kh2 Nc7 49. Qc6 Qa8 50. Qc3 Nd5 51. Qc5 Nxf6 52. Qd6 Qc8
53. Qd4 Nd5 54. Bd6 a6 55. Ba3 Qb8+ 56. Kh1 Rf5 57. Bb2 Rh5+ 58. Kg1 Qb6 0-1

[Event "1. Wittelsbacher Weihnachts-Schach-Open"]
[Site "Kelheim"]
[Date "2012.12.27"]
[Round "3.34"]
[White "Burgard, Manfred"]
[Black "Karl, Thomas"]
[Result "0-1"]
[WhiteElo "1354"]
[BlackElo "1424"]
[PlyCount "72"]
[EventDate "2012.??.??"]
[WhiteTeam "SF Roding"]
[BlackTeam "SK Kelheim 1920"]

1. e4 e5 2. Nf3 Nc6 3. Bb5 a6 4. Bxc6 dxc6 5. O-O Bd6 6. h3 Be6 7. d3 Ne7 8.
Be3 O-O 9. Re1 f6 10. Nbd2 Qd7 11. Nf1 Rad8 12. a3 c5 13. Ng3 b5 14. Nd2 Nc6
15. Qf3 Nd4 16. Bxd4 cxd4 17. b4 c5 18. bxc5 Bxc5 19. Nf5 Rc8 20. Nb3 Rc7 21.
Nxc5 Rxc5 22. Re2 Rfc8 23. Qg4 Bxf5 24. exf5 Rxc2 25. Rae1 R2c3 26. f4 Re8 27.
fxe5 fxe5 28. Rxe5 Rxe5 29. Rxe5 Rxd3 30. Qh5 Re3 31. Rc5 d3 32. f6 d2 33. f7+
Kf8 34. Rd5 Re1+ 35. Kh2 Qxd5 36. Qxh7 Qe5+ 0-1

[Event "1. Wittelsbacher Weihnachts-Schach-Open"]
[Site "Kelheim"]
[Date "2012.12.27"]
[Round "3.35"]
[White "Karl, Markus"]
[Black "Adlhoch, Walter"]
[Result "1-0"]
[WhiteElo "1436"]
[BlackElo "1271"]
[PlyCount "91"]
[EventDate "2012.??.??"]
[WhiteTeam "SK Kelheim 1920"]
[BlackTeam "SK Schwandorf"]

1. d4 Nf6 2. Bg5 e6 3. e4 d6 4. Nf3 Be7 5. Nc3 O-O 6. Bc4 c6 7. e5 Ne8 8. Qd2
b5 9. Bd3 h6 10. Bxh6 dxe5 11. dxe5 f6 12. Bf4 Bb7 13. O-O-O Nd7 14. Bh7+ Kxh7
15. Qxd7 Qxd7 16. Rxd7 fxe5 17. Bxe5 Bf6 18. Rxb7 Bxe5 19. Nxe5 Rxf2 20. g3 Nd6
21. Rd7 Nf5 22. Nxc6 Ne3 23. Rd2 Rf6 24. Re1 Nf1 25. Rde2 a6 26. Ne4 Rff8 27.
Ng5+ Kh8 28. Ne7 Rf6 29. Rxe6 Nxh2 30. Ng6+ Rxg6 31. Rxg6 Ng4 32. Nf7+ Kg8 33.
Rxg4 Kxf7 34. Rf4+ Kg8 35. Re7 Kh7 36. Rff7 Rg8 37. Kd2 Kh6 38. Rxg7 Rxg7 39.
Rxg7 Kxg7 40. Kd3 Kf6 41. Kd4 b4 42. Kc5 a5 43. Kb5 Kf5 44. Kxa5 Kg4 45. Kxb4
Kxg3 46. a4 1-0

[Event "1. Wittelsbacher Weihnachts-Schach-Open"]
[Site "Kelheim"]
[Date "2012.12.27"]
[Round "3.36"]
[White "Antczak, Lena"]
[Black "Fischer, Agnes"]
[Result "0-1"]
[WhiteElo "1289"]
[BlackElo "1369"]
[PlyCount "102"]
[EventDate "2012.??.??"]
[WhiteTeam "SK Kelheim 1920"]
[BlackTeam "SF Tegernheim"]

1. e4 e5 2. Nf3 Nc6 3. Bc4 Bc5 4. Nc3 Nf6 5. d3 h6 6. O-O d6 7. h3 Nd4 8. Be3
a6 9. Bxd4 exd4 10. Ne2 b5 11. Bb3 a5 12. a3 Be6 13. Bxe6 fxe6 14. Nexd4 Qd7
15. Ne2 O-O 16. d4 Bb6 17. e5 Nd5 18. c3 Rf7 19. Qc2 Rf5 20. Rad1 Nf4 21. Nxf4
Rxf4 22. Qg6 d5 23. Qd3 Qe8 24. Nh2 c5 25. g3 c4 26. Qc2 Rf5 27. f4 h5 28. Nf3
Bd8 29. h4 Qg6 30. Qg2 Qh6 31. Rf2 Be7 32. Rb1 Rb8 33. Rff1 Qg6 34. Nd2 b4 35.
axb4 axb4 36. Ra1 Qe8 37. g4 hxg4 38. Qxg4 bxc3 39. bxc3 Rb2 40. Nf3 Rc2 41.
Rfc1 Re2 42. Kf1 Re4 43. Kg2 Rexf4 44. Qg3 Rxf3 45. Qxf3 Rxf3 46. Kxf3 Qh5+ 47.
Ke3 Qxh4 48. Ra8+ Kh7 49. Rg1 Qe4+ 50. Kf2 Bh4+ 51. Kf1 Qf3# 0-1

[Event "1. Wittelsbacher Weihnachts-Schach-Open"]
[Site "Kelheim"]
[Date "2012.12.27"]
[Round "3.37"]
[White "Mühlich, Cornelius"]
[Black "Eichinger, Bernd"]
[Result "0-1"]
[WhiteElo "1073"]
[BlackElo "1315"]
[PlyCount "76"]
[EventDate "2012.??.??"]
[WhiteTeam "SK Kelheim 1920"]
[BlackTeam "SK Schwandorf"]

1. c4 Nf6 2. g3 d5 3. Bg2 c6 4. cxd5 Nxd5 5. Nc3 Bf5 6. d4 e6 7. Nf3 Bb4 8. Bd2
O-O 9. O-O Nd7 10. Nxd5 Bxd2 11. Qxd2 exd5 12. Rfe1 Nf6 13. Qb4 Qc7 14. Nd2
Rfe8 15. e3 Re6 16. Rac1 Rae8 17. h3 h6 18. Qc3 Qd7 19. Kh2 Ne4 20. Nxe4 Bxe4
21. Bxe4 Rxe4 22. b4 a6 23. a4 Rc8 24. b5 axb5 25. axb5 Re6 26. Rc2 Kh7 27. Ra1
Ree8 28. Ra7 cxb5 29. Qd3+ g6 30. Rxc8 Rxc8 31. Ra5 Rc4 32. Qb3 b4 33. Ra4 Qb5
34. Ra2 Rc1 35. h4 Rc3 36. Qa4 Qf1 37. Ra1 Qxf2+ 38. Kh3 Rxe3 0-1

[Event "1. Wittelsbacher Weihnachts-Schach-Open"]
[Site "Kelheim"]
[Date "2012.12.27"]
[Round "3.38"]
[White "Obermeier, Johannes"]
[Black "Böse, Carolin"]
[Result "1/2-1/2"]
[WhiteElo "1310"]
[BlackElo "1179"]
[PlyCount "66"]
[EventDate "2012.??.??"]
[WhiteTeam "SK Kelheim 1920"]
[BlackTeam "SC Bechhofen 1923 e.V."]

1. e4 e5 2. Nf3 Nf6 3. Nxe5 Nc6 4. Nxc6 dxc6 5. Nc3 Bc5 6. Be2 h5 7. d3 Bg4 8.
h3 Be6 9. Bg5 Qd4 10. Be3 Qb4 11. Bxc5 Qxc5 12. a3 O-O-O 13. Qd2 Rhe8 14. Qe3
Qa5 15. O-O g5 16. f4 g4 17. f5 Bd5 18. b4 Qa6 19. Qg5 Qb6+ 20. Rf2 Qd4 21.
exd5 Qxc3 22. Qc1 Qd4 23. c3 Qxd5 24. Qc2 Re5 25. Raf1 gxh3 26. gxh3 Rg8+ 27.
Kh2 Qd6 28. Kh1 Re3 29. Rf3 Rg3 30. Rxe3 Rxe3 31. Rf3 Nd5 32. c4 Rxf3 33. Bxf3
Ne3 1/2-1/2

[Event "1. Wittelsbacher Weihnachts-Schach-Open"]
[Site "Kelheim"]
[Date "2012.12.27"]
[Round "3.39"]
[White "Hauenstein, Luis"]
[Black "Fritsch, Julian"]
[Result "0-1"]
[WhiteElo "998"]
[BlackElo "1300"]
[PlyCount "60"]
[EventDate "2012.??.??"]
[WhiteTeam "SC Bechhofen 1923 e.V."]
[BlackTeam "SK Kelheim 1920"]

1. e4 d6 2. d4 Nf6 3. Nc3 g6 4. f4 Bg7 5. Nf3 O-O 6. d5 c6 7. Bd3 cxd5 8. exd5
Qa5 9. Bc4 Ne4 10. O-O Nxc3 11. bxc3 Bxc3 12. Bd2 Qc5+ 13. Kh1 Qxc4 14. Bxc3
Qxc3 15. Re1 Qf6 16. g3 Bg4 17. Rb1 b6 18. Rb3 Nd7 19. Qe2 Bxf3+ 20. Rxf3 Nc5
21. Qxe7 Qxe7 22. Rxe7 Rfe8 23. Rc7 Re1+ 24. Kg2 Re2+ 25. Rf2 Rxf2+ 26. Kxf2 b5
27. Rc6 Rd8 28. Rc7 Ra8 29. Rc6 a6 30. Rxd6 Ne4+ 0-1

[Event "1. Wittelsbacher Weihnachts-Schach-Open"]
[Site "Kelheim"]
[Date "2012.12.27"]
[Round "3.40"]
[White "Thamm, Felix"]
[Black "Brunner, Tobias"]
[Result "0-1"]
[WhiteElo "810"]
[BlackElo "1297"]
[PlyCount "84"]
[EventDate "2012.??.??"]
[WhiteTeam "SF Tegernheim"]
[BlackTeam "TSV Nittenau"]

1. e4 e5 2. Nf3 Nc6 3. Bc4 Bc5 4. Nc3 Nf6 5. O-O O-O 6. d3 d6 7. h3 Be6 8. Bb3
a6 9. Be3 Bb4 10. Ng5 Bxb3 11. axb3 Bxc3 12. bxc3 h6 13. Nf3 d5 14. exd5 Nxd5
15. Qd2 Nf6 16. Rfe1 Re8 17. Re2 e4 18. Nd4 Nxd4 19. Bxd4 exd3 20. cxd3 Rxe2
21. Qxe2 Qd6 22. Qf3 Qd5 23. Qf4 Qd6 24. Qxd6 cxd6 25. Bxf6 gxf6 26. Re1 Kf8
27. f3 b5 28. Re4 a5 29. Kf2 a4 30. bxa4 Rxa4 31. Rb4 Ra2+ 32. Ke3 Rxg2 33.
Rxb5 Rh2 34. Rh5 Kg7 35. Rh4 Ra2 36. Rd4 Ra6 37. Rg4+ Kh7 38. Kd4 Ra5 39. Ke4
f5+ 40. Kd4 fxg4 41. hxg4 Kg6 42. f4 f5 0-1

[Event "1. Wittelsbacher Weihnachts-Schach-Open"]
[Site "Kelheim"]
[Date "2012.12.27"]
[Round "3.41"]
[White "Böse, Christina"]
[Black "Schwab, Leon"]
[Result "0-1"]
[WhiteElo "1202"]
[BlackElo "1014"]
[PlyCount "112"]
[EventDate "2012.??.??"]
[WhiteTeam "SC Bechhofen 1923 e.V."]
[BlackTeam "SK Kelheim 1920"]

1. e4 c5 2. Nc3 Nc6 3. g3 d6 4. d3 g6 5. Bg2 Bg7 6. a3 Nf6 7. Bg5 O-O 8. Qd2
Nd4 9. Nf3 Qa5 10. O-O-O Bg4 11. Nd5 Qxd2+ 12. Nxd2 Bxd1 13. Nxe7+ Kh8 14. Rxd1
Ne6 15. Bxf6 Bxf6 16. Nd5 Bd4 17. Rf1 Rfd8 18. c3 Bg7 19. f4 b5 20. e5 Rac8 21.
Ne7 Rc7 22. Nd5 Rcd7 23. Nf6 Bxf6 24. exf6 Rc7 25. Re1 b4 26. Bd5 bxc3 27. bxc3
Re8 28. g4 Rcc8 29. Re4 Kg8 30. Nf3 Nc7 31. Bb3 Rxe4 32. dxe4 Re8 33. Ng5 Rf8
34. e5 dxe5 35. fxe5 h6 36. Ne4 Re8 37. Nd6 Rf8 38. h4 a6 39. a4 Ne6 40. Kd2
Rb8 41. Bc4 a5 42. Ke3 Rb1 43. h5 g5 44. Ke4 Re1+ 45. Kf5 Rg1 46. Bxe6 fxe6+
47. Kxe6 Rxg4 48. Ke7 Rf4 49. f7+ Kg7 50. Ne8+ Kh8 51. f8=Q+ Rxf8 52. Kxf8 g4
53. Ng7 g3 54. e6 g2 55. e7 g1=Q 56. e8=Q Qxg7# 0-1